Państwa zasiedlone przez Wikingów - Statystyki

Ogólne statystyki
  • Ten quiz został rozwiązany 1 528 razy
  • Średni wynik to 16 z 20
Statystyki odpowiedzi
Data rozliczenia Kraj % Poprawnych
Przed 800 n.e. Norwegia
97%
Przed 800 n.e. Szwecja
97%
Przed 800 n.e. Dania
96%
800-900 Polska
96%
800-900 Rosja
96%
Przed 800 n.e. Niemcy
94%
Przed 800 n.e. Finlandia (Wyspy Alandzkie)
92%
800-900 Islandia
91%
800-900 Wielka Brytania
91%
900-1000 Francja
89%
Przed 800 n.e. Estonia
88%
800-900 Litwa
88%
800-900 Łotwa
88%
800-900 Irlandia
81%
900-1000 Ukraina
77%
900-1000 Białoruś
71%
1000- Kanada
71%
1000- Włochy
64%
1000- Turcja | Bułgaria
51%
1000- Malta
23%
Nie znaleziono quizów pasujących do podanych kryteriów
Rozkład punktacji
Procent ludzi z każdym wynikiem
Percentyl według liczby udzielonych odpowiedzi
Twoja historia wyników
Nie rozwiązałeś tego quizu